| 000 | 00801nam a2200205Ii 4500 | ||
|---|---|---|---|
| 003 | JO-AjNU | ||
| 008 | 230605s9999||||xx |||||||||||||| ||und|| | ||
| 017 | _a2019/7/3967 | ||
| 040 |
_aJO-AjNU _bara _erda _cJO-AjNU |
||
| 041 | _aara | ||
| 100 | 3 |
_aالطراونة، فايز, _eauthor _959487 |
|
| 245 | 0 | 0 | _aفي خدمة العهدين |
| 250 | _aط1 | ||
| 264 | 3 | 1 | _aعمان: الآن ناشرون وموزعون، 2019 |
| 300 |
_a526ص _bيشتمل على ملحق صور من الذاكرة |
||
| 336 |
_atext _btxt _2rdacontent |
||
| 337 |
_aunmediated _bn _2rdamedia |
||
| 338 |
_avolume _bnc _2rdacarrier |
||
| 650 | 4 |
_aالاردن-تاريخ-الملك الحسين بن عبدالله-الملك عبدالله بن الحسين-سيرة ومذكرات فايز الطراونة _959488 |
|
| 999 |
_aA26772 _c30340 _d30340 |
||